=LDR 00000nam 2200000 4500 =001 INLIS000000000036835 =005 20130612142610 =008 ***********************************Ind** =035 ##$$0010-061300000036835 =041 ##$$a Ind =082 ##$$a 687.142 =090 ##$$a 687.142, Eks e =245 ##$$a Eksporasi mukena 100 kresi mukena cantik, Kantika Muslim Square ; penyunting, Nana Distiani =260 ##$$a 2011 $b Jakarta =300 ##$$a 62 hlm, ilus, 23 cm =650 ##$$a Mukena =850 ##$$a NBPNMAT